000 00728nas a2200253 4500
001 BR9212812
003 BR-BrBNA
005 20231205094801.0
007 ta
008 230509b bl.|||p| |||| 00| 00por d
040 _aBR-BrBNA
_bpor
_cBiblioteca Nacional de Agricultura
041 _a(Pt)
072 _aH20
100 1 _aMatsunaga, A.K.
100 1 _aVasques, R.M.P.
100 1 _aYomeda, N.
245 1 _aAnalise do fungicida captafol 4 F por cromatografia de gas
650 _aFungicida
650 _aCromatografia
650 _aQuimica
773 0 _tArquivos do Instituto Biologico (Brazil)
_x(Jan-Dec 1981)
_gv. 48(1-4) p. 19-22
_wBR9212812
909 _a202311
_bLúcia
_c55
_dLúcia Elande
942 _2AGRIS
_n0
_cANA
999 _c146815
_d146815